What Are These Countries’ Official Languages? - Statistics

General Stats
  • This quiz has been taken 42 times
  • The average score is 6 of 10
Answer Stats
Question Answer % Correct
Algeria Arabic
100%
Brazil Portuguese
100%
Tanzania Swahili
100%
Egypt Arabic
50%
Angola Portuguese
50%
Mozambique Portuguese
50%
Argentina Spanish
50%
Sri Lanka Tamil
50%
Democratic Republic of the Congo French
0%
Namibia German
0%
No matching quizzes found
Score Distribution
Percent of People with Each Score
Percentile by Number Answered
Your Score History
You have not taken this quiz